zpět

Detail výsledku týmu

The Pub Praha 2 ČT, Praha

Datum a čas kvízu

23.5 Celkem bodů Celkový počet nahraných bodů na tomto kvízu bez doplňovacích otázek.
5. Pořadí na kvízu Konečné umístění týmu na tomto kvízu.

Zaznamenané odpovědi

# Otázka Odpověď Body Výsledky
1. Matematik a podnikatel Karel J... Tohle jsme my 0
2. Evropský parlament má novou př... z Malty 1
3. Platforma Amazon Prime Video z... Pán prstenů (Rings of Power) 1
4. Společnost Microsoft v úterý k... Activision Blizzard 1
5. Biatlonistka Markéta Davidová... B) ve vytrvalostním závodě 0
6. V 17. a 18. století dominovala... merkantilismus 0
7. Jedním z nejznámějších předsta... ze Skotska 0
8. V roce 1873 došlo ke krachu bu... Vídeň 0
9. Po rozpadu zlatého standardu,... na americký dolar 0
10. Na závěr se podíváme do eurozó... B 1